Entrada Término temático
Número de registros utilizados en: 1
001 - NÚMERO DE CONTROL
003 - IDENTIFICADOR DEL NÚMERO DE CONTROL
- campo de control:
DR-UNIBE
005 - FECHA Y HORA DE LA ÚLTIMA TRANSACCIÓN
- campo de control:
20260415153322.0
008 - DATOS DE LONGITUD FIJA
- campo de control de longitud fija:
260415|| aca||aabn | a|a d
040 ## - FUENTE DE LA CATALOGACIÓN
- Centro catalogador/agencia de origen:
DR-UNIBE
- Centro/agencia transcriptor:
DR-UNIBE
650 ## -
- :
Tratamiento terrestre de aguas residuales
670 ## - FUENTE DE DATOS ENCONTRADOS
- Cita de la fuente:
Work cat.: (DR-UNIBE)114582: Instituto Geográfico Nacional José Joaquín Hungría Morell (IGN-JJHM). Departamento de Investigación autor 204196, Presión humana sobre los humedales de San Antonio de Guerra en la República Dominicana :, 2026